00286nam a2200097Ia 4500001000800000005001700008008004100025020001800066245008200084260002200166125922720260417140307.0260417s9999 xx 000 0 und d a9786257432306 0aBir Müslüman Kur’an ve Tarihsellik’e Nasıl Bakmalı?cŞevket Kotan bBeyan Yayınları